| 000 -LEADER |
| fixed length control field |
00556cam a2200169 a 4500 |
| 020 ## - INTERNATIONAL STANDARD BOOK NUMBER |
| ISBN |
0821317814 |
| 040 ## - CATALOGING SOURCE |
| Transcribing agency |
DLC |
| 082 00 - DEWEY DECIMAL CLASSIFICATION NUMBER |
| Classification number |
338 WOR 1991 A067 Or. |
| 245 00 - TITLE STATEMENT |
| Title |
Dairy development in Sub-Saharan Africa : |
| Remainder of title |
a study of issues and options / |
| 260 ## - PUBLICATION, DISTRIBUTION, ETC. (IMPRINT) |
| Place of publication |
Washington, D.C. : |
| Name of publisher |
World Bank, |
| Year of publication |
c1991. |
| 300 ## - PHYSICAL DESCRIPTION |
| Number of Pages |
xviii, 94 p., [3] leaves of plates : |
| Other physical details |
maps ; |
| Dimensions |
28 cm. |
| 490 1# - SERIES STATEMENT |
| Series statement |
World Bank technical paper, |
| -- |
Africa Technical Department series |
| 650 #0 - SUBJECT ADDED ENTRY--TOPICAL TERM |
| Topical Term |
Dairying |
| 650 #0 - SUBJECT ADDED ENTRY--TOPICAL TERM |
| Topical Term |
Dairy products industry |
| 700 1# - ADDED ENTRY--PERSONAL NAME |
| Personal name |
Walshe, Michael J., |
| 942 ## - ADDED ENTRY ELEMENTS (KOHA) |
| Koha item type |
សៀវភៅភាសាអង់គ្លេស |
| 952 ## - LOCATION AND ITEM INFORMATION (KOHA) |
| Withdrawn status [LOCAL, KOHA] |
0 |